000 01087cam a2200325 a 4500
001
003 DO-SdBNP
005 20210513134155.0
007
008 020930s2018 dr a 000 1 spa
010 _a
020 _a9789945503104
040 _aBPMSU
_cspa
_bBPMSU
082 _aRD861.5
_bR173L
_222
100 1 _aRamírez, Reina Lissette
_d1983 -
245 1 0 _aLínea de retorno /
_cReina Lissette Ramírez
_b
260 _aSanto Domingo :
_bMinisterio de Cultura ;
_bEditora Nacional
_c 2018
300 _a94 p. ;
_c21 cm.
_b
490 0 _aPoesía
500 _3Incluye datos biográficos del autora en la solapa de la cubierta
590 _6Inventariado, 2021/VM
611 4 _aFeria Regional del libro
_n(14 :
_d2018:
_c Cotuí, República Dominicana )
650 4 _aCertámenes literarios
_zCotuí (República Dominicana)
650 4 _aPoesías Dominicanas
650 4 _aLiteratura dominicana
_v
650 4 _aLibros
_xIndustria y comercio
_zRepública Dominicana
700 1 _aMilanesse, Otto Oscar
_d1959 -
910 _aVMateo
942 _2ddc
_cBK
999 _c13491
_d13491